000 00723nam a22002535i 4500
001 10718
003 ES-MaACL
005 20240510063016.0
007 t|
008 950711s1995 sp ||||0| spa j
020 _a8486351618
040 _aM-BN
_bspa
_cM-BN
080 _a860-14"19"
100 1 _aSánchez, Luis.
_9102396
245 1 0 _aCáncamo
_b: poemas y otras hierbas /
_cLuis Sánchez.
250 _a1ª ed.
260 _aHumanes, Madrid :
_bJuan Pastor,
_c1995.
300 _a62 p. ;
_c20 cm.
490 1 _aDevenir. Serie Poesía ;
_v81
830 0 0 _aDevenir.
_pSerie Poesía ;
_v81
_9236243
852 _aES-MaACL
_jP-1931 Nº 81
_bR.123802
_911011
942 _2udc
999 _c10718
_d10718